| 000 | 00000cas 2200000zi 4500 |
| 001 | 9.505048 |
| 003 | CaOODSP |
| 005 | 20240527135424 |
| 007 | cr ||||||||||| |
| 008 | 150406c1998||||xxc|| p o||||f| |0eng|d |
| 040 | |aCaOODSP|beng |
| 043 | |an-cn--- |
| 086 | 1 |aCW71-2E-PDF |
| 110 | 2 |aCanadian Wildlife Service.|eauthor, |eissuing body. |
| 245 | 10|aBird trends : |ba report on results of national ornithological surveys in Canada / |cedition & production: Judith Kennedy. |
| 260 | |aOttawa, Ontario : |bEnvironment Canada. |
| 310 | |aAnnual |
| 336 | |atext|btxt|2rdacontent |
| 337 | |acomputer|bc|2rdamedia |
| 338 | |aonline resource|bcr|2rdacarrier |
| 362 | 1 |a[No. 1, 199?]-- |
| 520 | 3 |a"Bird trends aims to provide: feedback to volunteers of ornithological surveys; information on trends in Canadian bird populations; a menu of volunteer-based ornithological projects in Canada"--Back cover. |
| 700 | 1 |aKennedy, Judith,|d1961- |eeditor. |
| 775 | 08|tTendances chez les oiseaux : |w(CaOODSP)9.501447 |
| 776 | 0#|tBird trends : |w(CaOODSP)9.514213 |